00350nam a22001097a 4500003000400000082001900004100001100023245014500034260002600179300000800205650002700213SGT a617.6342bC24S aSapana aComparison of retreatability of AH plus sealer and bioceramic sealer with solvent retreatment files and diode laserbA CBCT and SEM analysis bSGT University c2024 a101 aConservative Dentistry